Nghiên cứu phản ứng đồng trùng hợp ghép axit acrylíc lên sợi bông sử dụng tác nhân khơi mào (NH4)2S2O8
Tổng quan; Những nghiên cứu thực nghiệm; Kết quả và thảo luận...
Bewaard in:
| Hoofdauteur: | |
|---|---|
| Andere auteurs: | |
| Formaat: | Boek |
| Gepubliceerd in: |
Đà Nẵng
Đại học Đà Nẵng
2012
|
| Onderwerpen: | |
| Tags: |
Voeg label toe
Geen labels, Wees de eerste die dit record labelt!
|
| Thư viện lưu trữ: | Mạng thư viện Đại học Đà Nẵng |
|---|
| LEADER | 01622nam a2200325 4500 | ||
|---|---|---|---|
| 001 | 000017762 | ||
| 003 | 14188 | ||
| 005 | 20130830150825.0 | ||
| 008 | 130523s2012 sd | ||
| 082 | |a 677.4742 |b NG-H | ||
| 100 | |a Nguyễn Thị Thu Hương | ||
| 245 | |a Nghiên cứu phản ứng đồng trùng hợp ghép axit acrylíc lên sợi bông sử dụng tác nhân khơi mào (NH4)2S2O8 |c Nguyễn Thị Thu Hương ; Trần Mạnh Lục hướng dẫn. |k Luận văn Thạc sĩ | ||
| 260 | |a Đà Nẵng |b Đại học Đà Nẵng |c 2012 | ||
| 300 | |a 72 tr., phụ lục 10 tr. |b Hình ảnh mh. |c 29 cm. |e Đĩa CD, tài liệu tóm tắt | ||
| 500 | |a Luận văn thạc sĩ Khoa học. Chuyên ngành: Hóa hữu cơ. Mã số: 60.44.27. | ||
| 520 | |a Tổng quan; Những nghiên cứu thực nghiệm; Kết quả và thảo luận... | ||
| 650 | 0 | 4 | |a Sợi Acrylic |v Luận văn tốt nghiệp |x Ghép |
| 650 | 0 | 4 | |a Phản ứng đồng trùng hợp |v Luận văn tốt nghiệp |x Nghiên cứu |
| 653 | |a Hóa hữu cơ |a Phản ứng đồng trùng hợp |a Sợi Acrylic | ||
| 700 | |a Trần Mạnh Lục |c T.S |e Hướng dẫn | ||
| OWN | |a LSP | ||
| AVA | |a UDN50 |b LSP |d 677.4742 NG-H |e available |t Error 5001 Not defined in file expand_doc_bib_avail. |f 1 |g 0 |h N |i 0 |k 1 | ||
| 999 | |a From the UDN01 | ||
| AVA | |a UDN50 |b LSP |d 677.4742 NG-H |e available |t Error 5001 Not defined in file expand_doc_bib_avail. |f 1 |g 0 |h N |i 0 |k 1 | ||
| TYP | |a Monograph | ||
| TYP | |a Printed language | ||
| 980 | |a Mạng thư viện Đại học Đà Nẵng | ||